Introducción a las técnicas de investigación social: para trabajadores sociales

Guardat en:
Dades bibliogràfiques
Autor principal: Ander-Egg, Ezequiel (autor)
Format: Llibre
Idioma:espanyol
Publicat: Buenos Aires Humanitas 1972
Edició:3a. ed
Col·lecció:Colección Guidance, 6
Matèries:
Etiquetes: Afegir etiqueta
Sense etiquetes, Sigues el primer a etiquetar aquest registre!

MARC

LEADER 00000nam a2200000 a 4500
001 UCG1706
003 CL-VaPUC
008 100513e19720000AG |||||||||||||||||spa|d
082 0 4 |a 300.72  |b AND  |2 21 
100 |a Ander-Egg, Ezequiel  |e autor  |9 563263 
245 1 0 |a Introducción a las técnicas de investigación social: para trabajadores sociales 
250 |a 3a. ed 
300 |a 335 p 
942 |c BK 
945 |d 20100513 00:00:00  |a dcastane 
260 |a Buenos Aires  |b Humanitas  |c 1972 
650 0 |a Investigación social   |9 307814 
650 0 |a Ciencias sociales   |9 256351 
650 7 |a INVESTIGACIONES  |2 CL-VaPUC  |9 261211 
583 |a last modification  |c 20100513 00:00:00  |k Rodrigo Vera 
490 0 |a Colección Guidance, 6 
999 |c 340980  |d 340978 
952 |0 0  |1 0  |4 0  |6 300_720000000000000_AND_1972  |7 0  |8 X  |9 436160  |a FDOBUD  |b FDOBUD  |d 2019-11-22  |i 4672755  |o 300.72 AND 1972  |p 4672755  |r 2019-11-22  |w 2019-11-22  |y BK_X  |k BUD